| 000 | 00561 a2200169 4500 | ||
|---|---|---|---|
| 003 | Nust | ||
| 005 | 20170207153550.0 | ||
| 040 | _cNust | ||
| 082 | _a005.1 | ||
| 100 | _aAhmad, Maj Ibrar (MSCS-5) | ||
| 245 |
_aInventory control system for HIT _cMaj Ibrar Ahmad |
||
| 260 |
_bMCS _cMay 2000 _aRwp. |
||
| 300 | _a91 p | ||
| 505 | _aIntroduction (page-1), Database systems (page-5), Oracle database management system (page-29), Implementation and results (page-42), Conclusion and future work (page-82). | ||
| 538 | _aAlmirah No 73 Shelf No 1 | ||
| 650 | _aMSCS Thesis | ||
| 651 | _aMSCS-5 | ||
| 999 |
_c188832 _d188832 |
||